[Event "Lagan Grey Kaspian Sea"]
[Site "Lagan"]
[Date "2008.08.08"]
[Round "7"]
[White "Boskhomdzhiev, Sanal"]
[Black "Badma Gorjaev, Andrey"]
[Result "1-0"]
[WhiteElo "1872"]
[BlackElo "1748"]
[PlyCount "50"]
[EventDate "2008.08.02"]
[EventType "swiss"]
[EventRounds "6"]
[EventCountry "RUS"]
[SourceTitle "EXT 2022"]
[Source "ChessBase"]
[SourceDate "2021.10.06"]
[SourceVersion "1"]
[SourceVersionDate "2021.10.06"]
[SourceQuality "1"]

1. e4 c5 2. d3 g6 3. Nf3 Bg7 4. c3 b5 5. a3 Bb7 6. Be2 Nc6 7. 0-0 Nf6 8. Ng5 0-0 9. Qb3 d6 10. Be3 a6 11. h3 Qd7 12. f4 e6 13. Nd2 Rac8 14. f5 Na5 15. fxe6 Nxb3 16. exd7 Nxa1 17. dxc8Q Bxc8 18. Rxa1 h6 19. Ngf3 Nh5 20. Bf2 Nf4 21. Re1 b4 22. axb4 cxb4 23. Bd4 bxc3 24. bxc3 Nxe2+ 25. Rxe2 Be6 1-0